Statystyki dla Państwa po znaku przejścia dla pieszych

Kliknij tutaj aby rozwiązać quiz!

Ogólne statystyki

  • Ten quiz został rozwiązany 24 razy
  • Średni wynik to 8 z 27

Statystyki odpowiedzi

Odpowiedź% Poprawnych
Polska
88%
Czechy
44%
Portugalia
44%
Hiszpania
38%
Islandia
38%
Rosja
38%
Austria
31%
Belgia
31%
Dania
31%
Estonia
31%
Rumunia
31%
Słowenia / Serbia
31%
Szwajcaria / Liechtenstein
31%
Szwecja
31%
Francja
25%
Niemcy
25%
Norwegia
25%
Ukraina
25%
Finlandia
19%
Holandia
19%
Mołdawia
19%
Grecja
13%
Słowacja
13%
Turcja
13%
Węgry
13%
Włochy
13%
Łotwa
6%

Rozkład punktacji

Percentyl według liczby udzielonych odpowiedzi

Procent ludzi z każdym wynikiem

Twoja historia wyników

Nie rozwiązałeś tego quizu